Normal view MARC view
  • Self-actualization (Psychology)

Entry Topical Term

Number of records used in: 27

001 - CONTROL NUMBER

  • control field: 1127

003 - CONTROL NUMBER IDENTIFIER

  • control field: OSt

005 - DATE AND TIME OF LATEST TRANSACTION

  • control field: 20170504095055.0

008 - FIXED-LENGTH DATA ELEMENTS

  • fixed length control field: 170504|| aca||aabn | a|a d

040 ## - CATALOGING SOURCE

  • Original cataloging agency: OSt
  • Transcribing agency: OSt

150 ## - HEADING--TOPICAL TERM

  • Topical term or geographic name entry element: Self-actualization (Psychology)

670 ## - SOURCE DATA FOUND

  • Source citation: Work cat.: (OSt): Carnegie, Dale 1126, How to win friends and influence people /, 1998, c1981
Pusat Sumber Maklumat Dato' Haji Sarmin Md Hussin, Akademi Kastam Diraja Malaysia, Melaka
Tel: 06-2331106 | Faks: 06-2313787